00513nam a22001697a 450000500170000001000150001702000260003203500140005803700130007208200110008510000210009624500810011726000380019827000620023630000220029850000230032020180710162428.0 aENG-123432 a9788178245270c695.00 aEN-106964 bDBAD/PUB a863.09 aSudiptia Kaviraj aThe invention of private life :cby Sudiptia Kavirajbliterature and ideas / aRanikhet bPermanent Black c2018 aHimalayana, Mall Road, Ranikhet Cantt. bRanikhete263645v a368p. c21cm(pbk) aIt includes index